Los recursos en el proceso contencioso-administrativo: restricciones y limitaciones
Saved in:
| Hovedforfatter: | |
|---|---|
| Format: | Ukendt |
| Sprog: | engelsk spansk |
| Udgivet: |
Valencia, España
Tirant lo Blanch
2019
|
| Udgivelse: | Primera edición |
| Fag: | |
| Tags: |
Tilføj Tag
Ingen Tags, Vær først til at tagge denne postø!
|
MARC
| LEADER | 00000 a2200000 4500 | ||
|---|---|---|---|
| 003 | CL-VaPUC | ||
| 005 | 20240506114847.0 | ||
| 008 | 200110b ||||| |||| 00| 0 eng d | ||
| 999 | |c 376137 |d 376135 | ||
| 020 | |a 9788413133867 | ||
| 040 | |c Pontificia Universidad Católica de Valparaíso | ||
| 041 | 0 | |a spa | |
| 082 | |a 342.066 CAS 2019 | ||
| 100 | 1 | |a Casado Casado, Lucía |9 605044 | |
| 245 | 1 | 4 | |a Los recursos en el proceso contencioso-administrativo: |b restricciones y limitaciones |
| 250 | |a Primera edición | ||
| 260 | 3 | |b Tirant lo Blanch |c 2019 |a Valencia, España | |
| 300 | |a 369 p | ||
| 505 | 0 | |a 1. Introducción. 2. El derecho a los recursos como una de las manifestaciones del derecho a la tutela judicial efectiva: alcance, contenido y límites en el orden jurisdiccional contencioso-administrativo 3. El modelo de recursos en el orden jurisdiccional contencioso-administrativo. 4. El recurso de apelación en el orden jurisdiccional contencioso-administrativo. 5. El recurso de casación contencioso-administrativo ante el Tribunal Supremo. 6. El recurso de casación contencioso-administrativo ante los Tribunales Superiores de Justicia. 7. Conclusiones. 8. Bibliografía. | |
| 583 | |k Hugo Gaete |c 20200110 | ||
| 650 | 0 | 0 | |a CONTENCIOSO-ADMINISTRATIVO |9 255490 |
| 650 | 0 | 0 | |a Tribunales de justicia |9 328494 |
| 650 | 0 | 0 | |a Derecho administrativo |9 254851 |
| 650 | 0 | 0 | |a Casación en la música |9 357455 |
| 942 | |2 ddc |c BK | ||
| 952 | |0 0 |1 0 |2 ddc |4 0 |6 342_066000000000000_CAS_2019 |7 0 |9 495304 |a BIBDER |b BIBDER |d 2020-01-02 |e 36 |g 26097.00 |i 5568811 |l 2 |o 342.066 CAS 2019 |p 5568811 |r 2023-03-20 |s 2023-03-17 |t 1 |v 26097.00 |w 2020-01-02 |y BK |k DER | ||